00628nam a2200217Ia 4500003000400000005001700004008004100021020002200062040000700084041000800091082002300099100002900122245001600151260003300167300001200200650002700212906001800239942001200257999001900269952012200288OSt20230415112430.0210423s1936 xx 000 0 und d a978-0-00-728245-6 cAL aeng a823.912 223bCHRA aCHRISTIE (Agatha)988778 aABC murders aLondonbHarper Collinsc1936 a331bPB aEnglish Fiction988779 aABC ; murders 2ddccBK c169987d169987 001040708GENaSACPGbSACPGd2019-03-25l3o823.912 CHRApPG016489r2026-01-27 16:20:27s2026-01-17w2021-04-26yBK